[Event "Ghent VSF-chB"]
[Site "Ghent"]
[Date "2007.05.19"]
[Round "5"]
[White "Smesman, Steven"]
[Black "Hugaert, Daan"]
[Result "0-1"]
[WhiteElo "1528"]
[BlackElo "1228"]
[PlyCount "41"]
[EventDate "2007.05.17"]
[EventType "swiss"]
[EventRounds "7"]
[EventCountry "BEL"]
[SourceTitle "EXT 2009"]
[Source "ChessBase"]
[SourceDate "2008.11.26"]
[SourceVersion "1"]
[SourceVersionDate "2008.11.26"]
[SourceQuality "1"]

1. d4 c6 2. c4 d5 3. Nf3 Nf6 4. Nc3 e6 5. Bg5 Be7 6. e3 Qc7 7. Rc1 0-0 8. Bxf6 Bxf6 9. cxd5 exd5 10. Nxd5 Qa5+ 11. Nc3 Be6 12. Bd3 g6 13. 0-0 Nd7 14. a3 Rfd8 15. Qe2 Nb6 16. Ne4 Be7 17. Nc5 Bc8 18. b4 Qxa3 19. Ra1 Qxb4 20. Rfb1 Qc3 21. Rb3 0-1

[Event "Ghent VSF-chB"]
[Site "Ghent"]
[Date "2007.05.18"]
[Round "3"]
[White "Herremerre, Pierre"]
[Black "Hugaert, Daan"]
[Result "1-0"]
[WhiteElo "1517"]
[BlackElo "1228"]
[PlyCount "51"]
[EventDate "2007.05.17"]
[EventType "swiss"]
[EventRounds "7"]
[EventCountry "BEL"]
[SourceTitle "EXT 2009"]
[Source "ChessBase"]
[SourceDate "2008.11.26"]
[SourceVersion "1"]
[SourceVersionDate "2008.11.26"]
[SourceQuality "1"]

1. d4 e6 2. c4 d5 3. e3 Nf6 4. Nc3 c6 5. Nf3 b6 6. Be2 Ba6 7. cxd5 Bxe2 8. Qxe2 Nxd5 9. 0-0 Nf6 10. a3 a5 11. Bd2 Bd6 12. e4 0-0 13. e5 Bc7 14. exf6 Qxf6 15. Bg5 Qf5 16. Qe4 Qxe4 17. Nxe4 Nd7 18. Rac1 h6 19. Be3 f5 20. Nc3 f4 21. Bd2 c5 22. Ne4 Rf5 23. dxc5 bxc5 24. Rc2 Rc8 25. Rfc1 Bb6 26. Nd6 1-0